LEADER 00995nam a2200241 i 4500 001 000000039874 003 CaOOAMICUS 005 20101116000000.0 008 101116s1989 it u000 u ita u 013 $a11030 040 $aSeMil$bita 100 1 $aZerbi, Pietro,$c.$0(OLS)http://semarc/name/10165 245 10$aGiuseppe Lazzati presidente diocesano della Gioventù di AC /$cPietro Zerbi. 260 $aRoma :$bAVE,$c1989. 300 $a98 p. ;$c22 cm. 500 $aContiene : Appendice. 650 4$aAzione Cattolica Italiana - Milano.$0(OLS)http://semarc/subject/5802 650 4$aLazzati, Giuseppe <1909-1986>.$0(OLS)http://semarc/subject/9 850 $aSeMil 852 $aSeMil$W1$xVenegono$y1$m3J II 250$j6029$B6029$CSeMilBibl$Z2$F6029 $81 961 $aOmaggio: Rimoldi mons. Antonio 996 $6245$aGiuseppe Lazzati presidente diocesano della Gioventù di AC$9(OLS)http://semarc/title/57044 996 $6260$aRoma :$bAVE$9(OLS)http://semarc/publisher/30251 LEADER 01082nam a2200265 i 4500 001 000000110712 003 CaOOAMICUS 005 20021211000000.0 008 021211s1986 it u000 u ita u 013 $a83393 040 $aSeMil$bita 100 1 $aMiccoli, Giovanni,$d<1933-2017>.$0(OLS)http://semarc/name/89703 245 10$aDon Primo Mazzolari :$bl'uomo, il cristiano, il prete /$cG. Miccoli ... [et al.]. 260 $aLiscate :$bCENS,$ccopyr. 1986. 300 $a228 p. ;$c20 cm. 490 0 $aQuaderni di ricerca ;$v26 500 $aFondo Card. C.M. Martini. 600 14$aMazzolari, Primo .$0(OLS)http://semarc/subject/5511 830 0$aQuaderni di ricerca ;$v26.$0(OLS)http://semarc/title/10452 850 $aSeMil 852 $aSeMil$W1$xVenegono$y1$m2D II 265$j66575$B66575$CSeMilBibl$Z2$F101719 $81 941 1 $a4 961 $aOmaggio: Martini Card. Carlo Maria 996 $6245$aDon Primo Mazzolari :$bl'uomo, il cristiano, il prete$9(OLS)http://semarc/title/160962 996 $6260$aLiscate :$bCENS$9(OLS)http://semarc/publisher/40879